000 01192cam a22002771i 4500
003 SA-RiAUC
005 20250130072602.0
008 250128s1992 xx g 000r0bara c
040 _aSA-MaAOL
_bara
_cSA-RiAUC
_erda
050 4 _bM33 1992
082 0 4 _a922.58
_qSA-RiAUC
090 _a922.58
_b م د خ
100 1 _aالمدخلي، زيد بن محمد بن هادي،
_d1357-1435 هجري
_eمؤلف.
245 1 2 _aالشيخ حافظ الحكمي :
_bحياته وجهوده العلمية والعملية /
_cبقلم زيد بن محمد بن هادي المدخلي.
250 _aالطبعة الأولى.
264 1 _aجازان، السعودية :
_b[الناشر غير محدد]،
_c1992
300 _a120 صفحة ؛
_c24 سم
336 _aنص
_btxt
_2rdacontent
_3كتاب
337 _aبدون وسيط
_bn
_2rdamedia
338 _aمجلد
_bnc
_2rdacarrier
600 1 7 _aالحكمي، حافظ بن أحمد بن علي،
_d1342-1377 هجري
_2aucnm
650 7 _aالفقهاء السعوديون
_vتراجم
_2aucsh
650 7 _aالدعوة الإسلامية
_2aucsh
942 _2ddc
_cBOOK
_n0
949 _aSA-JeALM
_d250128
_umohamedma123
_n1
999 _c5447
_d5447